Shaping the culture of peace in a multilateral world / (Record no. 586343)

000 -LEADER
fixed length control field 00952cam a2200217 a 4500
020 ## - INTERNATIONAL STANDARD BOOK NUMBER
International Standard Book Number 9781412810937 (pbk. ; alk. paper)
020 ## - INTERNATIONAL STANDARD BOOK NUMBER
International Standard Book Number 1412810930 (pbk. ; alk. paper)
082 00 - DEWEY DECIMAL CLASSIFICATION NUMBER
Classification number 303.66
245 00 - TITLE STATEMENT
Title Shaping the culture of peace in a multilateral world /
Statement of responsibility, etc. compiled by the Goi Peace Foundation ; Patrick U. Petit, editor.
260 ## - PUBLICATION, DISTRIBUTION, ETC.
Place of publication, distribution, etc. New Brunswick, NJ :
Name of publisher, distributor, etc. Transaction Publishers,
Date of publication, distribution, etc. 2011.
300 ## - PHYSICAL DESCRIPTION
Extent xiii, 207 p. ;
Dimensions 23 cm.
504 ## - BIBLIOGRAPHY, ETC. NOTE
Bibliography, etc. note Includes bibliographical references.
650 #0 - SUBJECT ADDED ENTRY--TOPICAL TERM
Topical term or geographic name entry element Peace-building.
650 #0 - SUBJECT ADDED ENTRY--TOPICAL TERM
Topical term or geographic name entry element Peace.
700 1# - ADDED ENTRY--PERSONAL NAME
Personal name Petit, Patrick Uwe.
942 ## - ADDED ENTRY ELEMENTS (KOHA)
Source of classification or shelving scheme
Koha item type Book
650 #0 - SUBJECT ADDED ENTRY--TOPICAL TERM
-- 2018
700 1# - ADDED ENTRY--PERSONAL NAME
-- 82010
Holdings
Withdrawn status Lost status Source of classification or shelving scheme Damaged status Not for loan Permanent Location Current Location Date acquired Source of acquisition Total Checkouts Full call number Barcode Date last seen Price effective from Koha item type
          Central Library (CL) Central Library (CL) 09/01/2021 Progressive Intl Agencies.   303.66 PET CL-619 09/01/2021 09/01/2021 Book
© 2023 Central Library, National University of Sciences and Technology. All Rights Reserved.